Production of tomato (solanum lycopersicum) bath soap in Binangonan, Rizal (Record no. 58329)

MARC details
000 -LEADER
fixed length control field 00931nam a22002297a 4500
003 - CONTROL NUMBER IDENTIFIER
control field URS
005 - DATE AND TIME OF LATEST TRANSACTION
control field 20220708144049.0
008 - FIXED-LENGTH DATA ELEMENTS--GENERAL INFORMATION
fixed length control field 220708b ||||| |||| 00| 0 eng d
100 ## - MAIN ENTRY--PERSONAL NAME
9 (RLIN) 1973
Personal name Arabit, James Vergel B.
Relator term author
245 ## - TITLE STATEMENT
Title <a href="Production of tomato (solanum lycopersicum) bath soap in Binangonan, Rizal">Production of tomato (solanum lycopersicum) bath soap in Binangonan, Rizal</a>
Statement of responsibility, etc James Vergel B. Arabit, Conrado A. Arnaldo, Jr., Marc Ranjit G. Antilla
260 ## - PUBLICATION, DISTRIBUTION, ETC. (IMPRINT)
Date of publication, distribution, etc 2018
300 ## - PHYSICAL DESCRIPTION
Extent xv, 107 leaves
Dimensions 28 cm
336 ## - CONTENT TYPE
Source rdacontent
Content type term text
337 ## - MEDIA TYPE
Source rdamedia
Media type term unmediated
338 ## - CARRIER TYPE
Source rdacarrier
Carrier type term volume
502 ## - DISSERTATION NOTE
Dissertation note Thesis
Degree type Bachelor of Science in Business Administration Major in Marketing Management
Name of granting institution University of Rizal System, Binangonan
Year degree granted 2018
504 ## - BIBLIOGRAPHY, ETC. NOTE
Bibliography, etc Includes bibliographical references
700 ## - ADDED ENTRY--PERSONAL NAME
9 (RLIN) 1974
Personal name Arnaldo, Conrado A., Jr.
Relator term author
700 ## - ADDED ENTRY--PERSONAL NAME
9 (RLIN) 1975
Personal name Antilla, Marc Ranjit G.
Relator term author
700 ## - ADDED ENTRY--PERSONAL NAME
9 (RLIN) 1532
Personal name Carmina G. Taule, RGc., RPm., LPT
Relator term Adviser
942 ## - ADDED ENTRY ELEMENTS (KOHA)
Source of classification or shelving scheme Library of Congress Classification
Koha item type Theses and dissertations
Holdings
Withdrawn status Source of classification or shelving scheme Damaged status Not for loan Home library Current library Date acquired Total Checkouts Barcode Date last seen Price effective from Koha item type
  Library of Congress Classification     Binangonan College Library Binangonan College Library 07/08/2022   URSBIN-UGT2289 07/08/2022 07/08/2022 Theses and dissertations

University of Rizal System
Email us at univlibservices@urs.edu.ph

Visit our Website www.urs.edu.ph/library